Las rubricas del missal romano reformado (Record no. 8491)

MARC details
000 -CABECERA
campo de control de longitud fija 00881nam a2200217 a 4500
001 - NÚMERO DE CONTROL
campo de control BRCA_8840
005 - FECHA Y HORA DE LA ÚLTIMA TRANSACCIÓN
campo de control 20190320210431.0
008 - DATOS DE LONGITUD FIJA--INFORMACIÓN GENERAL
campo de control de longitud fija 120517s1768----sp-#######---#000-0#spa-#
041 ## - CÓDIGO DE LENGUA
Código de lengua del texto/banda sonora o título independiente spa
044 ## - CÓDIGO DEL PAÍS DE LA ENTIDAD EDITORA/PRODUCTORA
Código MARC del país sp
084 ## - OTRO NÚMERO DE CLASIFICACIÓN
Número de clasificación BE221
Número de documento/Ítem .G35 1768
100 1# - ENTRADA PRINCIPAL--NOMBRE DE PERSONA
Nombre de persona Galindo, Gregorio
9 (RLIN) 22025
245 10 - MENCIÓN DE TÍTULO
Título Las rubricas del missal romano reformado
Mención de responsabilidad, etc. su autor el ilustrissimo señor Don Gregorio Galindo; para que con más facilidad puedan instruir en ellas todos los eclesiásticos; se pone a lo ultimo algunas Notas, y Decretos tocantes al assumpto.
260 ## - PUBLICACIÓN, DISTRIBUCIÓN, ETC.
Lugar de publicación, distribución, etc. Barcelona
Nombre del editor, distribuidor, etc. En la Imprenta de María Angela Marti Viuda
Fecha de publicación, distribución, etc. 1768
300 ## - DESCRIPCIÓN FÍSICA
Extensión XXII, 288 p.
Dimensiones 14 x 8.1 cm.
500 ## - NOTA GENERAL
Nota general Con licencia de los superiores
500 ## - NOTA GENERAL
Nota general Estado físico: presenta encuadernación en pergamino con presencia del pez de plata
650 14 - PUNTO DE ACCESO ADICIONAL DE MATERIA--TÉRMINO DE MATERIA
Término de materia o nombre geográfico como elemento de entrada Iglesia católica
9 (RLIN) 15525
902 ## - CATALOGADOR
Iniciales CFM
942 ## - ELEMENTOS DE PUNTO DE ACCESO ADICIONAL (KOHA)
Fuente del sistema de clasificación o colocación Library of Congress Classification
Tipo de ítem Koha Libros
Holdings
Estado de retiro Estado de pérdida Estado dañado No para préstamo Localización permanente Ubicación/localización actual Fecha de adquisición Total de préstamos Signatura topográfica completa Código de barras Fecha visto por última vez Precio válido a partir de Tipo de ítem Koha
El ejemplar forma parte de la colección y puede ser consultado según las políticas vigentes.       Biblioteca del Museo Franz Mayer (Rogerio Casas-Alatriste) Biblioteca del Museo Franz Mayer (Rogerio Casas-Alatriste) 12/05/2017   BE221 .G35 1768 CFM00167 22/03/2019 22/03/2019 Libros